Catálogo

EL ESTRUCTURALISMO (Registro nro. 59422)

Detalles MARC
000 -LEADER
fixed length control field 00471nam a2200181 a 4500
001 - CONTROL NUMBER
control field 59422
005 - DATE AND TIME OF LATEST TRANSACTION
control field 20180714060352.0
008 - FIXED-LENGTH DATA ELEMENTS--GENERAL INFORMATION
fixed length control field 140415s1979 sp 000 0 spa d
041 ## - LANGUAGE CODE
Language code of text/sound track or separate title spa
082 ## - DEWEY DECIMAL CLASSIFICATION NUMBER
Classification number 128
Item number BRO
100 1# - MAIN ENTRY--PERSONAL NAME
Personal name BROEKMAN, JAN M.
245 13 - TITLE STATEMENT
Title EL ESTRUCTURALISMO
250 ## - EDITION STATEMENT
Edition statement 2a ed.
260 ## - PUBLICATION, DISTRIBUTION, ETC.
Place of publication, distribution, etc. ESPAÑA :
Name of publisher, distributor, etc. HERDER,
Date of publication, distribution, etc. 1979
300 ## - PHYSICAL DESCRIPTION
Extent 201
490 ## - SERIES STATEMENT
Series statement BIBLIOTECA DE FILOSOFIA
650 14 - SUBJECT ADDED ENTRY--TOPICAL TERM
Topical term or geographic name entry element ESTRUCTURALISMO (ANTROPOLOGIA)
General subdivision FILOSOFIA
Existencias
Withdrawn status Lost status Source of classification or shelving scheme Damaged status Not for loan Collection code Home library Current library Shelving location Date acquired Source of acquisition Inventory number Total Checkouts Full call number Barcode Date last seen Price effective from Koha item type
    Dewey Decimal Classification     General Biblioteca Karol Wojtyla Biblioteca Karol Wojtyla Sala general 03/12/2013 Compra 151000000000000000060737   128 BRO 8978 05/01/2026 03/12/2013 Libro